| 000 | 02682cam a22004937i 4500 | ||
|---|---|---|---|
| 999 |
_c14245 _d14245 |
||
| 001 | 19620299 | ||
| 005 | 20190906082845.0 | ||
| 008 | 170503s2017 enka b 001 0 eng d | ||
| 010 | _a 2017941626 | ||
| 020 | _a978-0-19-880860-2 | ||
| 035 | _a(OCoLC)on1012122611 | ||
| 040 |
_aCDX _beng _cCDX _dCDX _dOCLCF _dYDX _dOKU _dGSU _dVT2 _dOCL _dCHVBK _dOCLCO _dOCLCQ _dDLC |
||
| 042 | _alccopycat | ||
| 050 | 0 | 0 |
_aHF5549 _b.P212 2017 |
| 082 | 0 | 4 |
_aDC 658.314 _22017 _bP197 |
| 100 | 1 |
_aPaauwe, J., _eauthor. _939405 |
|
| 240 | 1 | 0 | _aHRM and performance |
| 245 | 1 | 0 |
_aStrategy, HRM, and performance : _ba contextual approach / _cJaap Paauwe, Elaine Farndale. |
| 250 | _aSecond edition. | ||
| 260 |
_aUnited Kingdom: _bOxford University Press, _c©2017. |
||
| 300 |
_axiv, 237 pages : _billustrations ; _c25 cm |
||
| 500 | _aRevision of: Paauwe, J. HRM and performance. Oxford : Oxford University Press, 2004. | ||
| 504 | _aIncludes bibliographical references (pages 211-232) and index. | ||
| 505 | 0 | _aHRM and strategy -- The more fits the better -- HRM in context : an institutional perspective -- HRM and performance : achievements and challenges -- The contextual SHRM framework -- Contextual SHRM framework : organization level -- Contextual SHRM framework : sector level -- Contextual SHRM framework : international level -- HR professionals : roles and performance -- HR delivery and metrics -- Reflections for the future. | |
| 520 | _aThe book explores how strategic human resource management has implications for performance, through underlying theory, research evidence, examples from practice, and tools for practitioner application. The book presents not only details of how a strategic human resource management system might be effective in an organization, but also why. | ||
| 650 | 0 |
_aPersonnel management. _939406 |
|
| 650 | 0 |
_aPerformance standards. _912606 |
|
| 650 | 0 |
_aPerformance. _939407 |
|
| 650 | 0 |
_aOrganizational effectiveness. _939408 |
|
| 650 | 0 |
_aStrategic planning. _939409 |
|
| 650 | 7 |
_aOrganizational effectiveness. _2fast _939408 |
|
| 650 | 7 |
_aPerformance. _2fast _939407 |
|
| 650 | 7 |
_aPerformance standards. _2fast _912606 |
|
| 650 | 7 |
_aPersonnel management. _2fast _939406 |
|
| 650 | 7 |
_aStrategic planning. _2fast _939409 |
|
| 650 | 7 |
_aHumanvermögen _2gnd _939410 |
|
| 650 | 7 |
_aPersonalentwicklung _2gnd _939411 |
|
| 700 | 1 |
_aFarndale, Elaine, _eauthor. _939412 |
|
| 365 |
_b4,375.00 _cPhp |
||
| 906 |
_a7 _bcbc _ccopycat _d2 _encip _f20 _gy-gencatlg |
||
| 942 |
_2ddc _cDC |
||